00270nam a2200109Ia 4500008004100000100001800041245002600059260003300085650001800118942000700136999001700143190216s9999||||xx |||||||||||||| ||und|| aMarie Corelli 4aThe Murder Of Delicia bWilco Publishing Housec1965 aEnglish Novel cBK c12398d12398